000 01076nam a2200289Ia 4500
003 OSt
005 20220930190106.0
006 a|||||r|||| 00| 0
007 ta
008 220926b |||||||| |||| 00| 0 hin d
020 _c75
024 _a93260
037 _b531, 19/03/2009, Vani Prakashan
_cTextbook
040 _aCRL
_cCRL
_bhin
041 _2hin
_ahin
082 _aO146,2M90w, 152M2
100 _aचैपेक, कैरेल
245 0 _aआर. यू. आर.
246 _aPrabhātakumār mukharjī kī kahāniyaॉan
250 _aद्वितीय संस्करण
260 _aनई दिल्ली,
_bसाहित्य अकादेमी, भारत
_c1982
300 _a96पृ0
_ccm.
650 _aहिन्दी साहित्य
700 _a वर्मा, निर्मल, अनु.
942 _hO146,2M90w, 152M2
_cTB
_2CC
999 _c891615
_d891615